000 00933nam a2200265Ia 4500
003 OSt
005 20220923211252.0
006 a|||||r|||| 00| 0
007 ta
008 220922b |||||||| |||| 00| 0 pan d
020 _a9788178835815 (hbk)
_c200
024 _a349,520
037 _b176, 15/02/2019, National Book Shop
_cTextual
040 _aARTS
_cARTS
_bpan
041 _2pan
_apan
082 _aO153,3NNEx, P9
100 _aਨੀਰ, ਸੁਰਿੰਦਰ, ਂਚ.
245 0 _aਖੁੱਲ੍ਹ ਜਾ ਸਿੰਮ ਸਿੰਮ
260 _aਲੁਧਿਆਨਾ
_b ਚੇਤਨਾ ਪ੍ਰਕਾFਨ
_c2009
300 _a174ਪ੍ਰ0
_ccm.
650 _a ਪੰਜਾਬੀ ਕਹਾਣੀ
650 _aਪੰਜਾਬੀ ਸਾਹਿਤ
942 _hO153,3NNEx, P9
_cTEXL
_2CC
999 _c297997
_d297997